000 01580nam0a2200361 4500
001 RU\NLR\bibl\584728
005 20260405144222.0
010 _a5-9532-0241-5
_91000
021 _aRU
_b2004-65952
_93253
035 _a(NLR Aleph) 000576712
090 _a1626710
_c1626710
100 _a20041217d2004 |||y0rusy50 ca
101 0 _arus
_deng
_eeng
102 _aRU
105 _aa |||||||||
200 1 _aЕстественно-антропогенная эволюция почв
_dNatural-anthropogenic evolution of soils
_e(Общ. закономерности и зонал. особенности)
_fВ.Д. Муха
_zeng
210 _aМ.
_cКолосС
_d2004
215 _a270, [1] с.
_cил.
_d21
300 _aАвт. также на англ. яз.: V.D. Moukha
300 _aРез. на англ. яз.
320 _aБиблиогр.: с. 227-269 (767 назв.) и в подстроч. прим.
510 0 _aNatural-anthropogenic evolution of soils
_zeng
606 0 _aПочвообразование
_xВлияние антропических факторов
_91992833
_3RU\NLR\auth\66915108
606 0 _aПочвы
_xЭволюция
_xВлияние антропических факторов
_92359632
_3RU\NLR\auth\661409160
686 _aП031.9
700 1 _4070
_8rus
_7ca
_aМуха
_bВ. Д.
_f1935-
_gВладимир Дмитриевич
_3RU\NLR\auth\7759848
_942779
801 0 _aRU
_bNLR
_c20041217
_gPSBO
801 1 _aRU
_bNLR
_c20041217
830 _aАвт. по кн.
942 _cBOOK
980 _aNB